000 00855nam a22001937a 4500
005 20250731113122.0
010 _aHIN-130075
020 _c225.00
_a9789383602155
035 _aHN-102421
037 _bDBAD
082 _a821.08
100 _aकेवलिया मदन
_983522
245 _aमोहम्मद उस्मान आरिफ़ ज़िन्दगी की धड़कने /
_bमदन केवलिया
260 _aबीकानेर
_bसोशल प्रोग्रेसिव सोसाइटी
270 _aजैनब कॉटेज , बड़ी कर्बला मार्ग , चौखूंटी , बीकानेर -334001
300 _a176पृ.
_c21.4सेमी (अजिल्द)
700 _983490
942 _2ddc
_cHN
_h821.08
_mकेवलि
999 _c212742
_d212742